[Event "Ibiza Eivissa op 8th"]
[Site "Eivissa"]
[Date "2019.07.28"]
[Round "7"]
[White "Gercowski Tuchszer, Luis"]
[Black "Bordes Ibanez, Juan Bautista"]
[Result "0-1"]
[WhiteElo "1756"]
[BlackElo "1951"]
[PlyCount "66"]
[EventDate "2019.07.07"]
[EventType "swiss"]
[EventRounds "7"]
[EventCountry "ESP"]
[SourceTitle "EXT 2020"]
[Source "ChessBase"]
[SourceDate "2019.10.17"]
[SourceVersion "1"]
[SourceVersionDate "2019.10.17"]
[SourceQuality "1"]

1. e4 c5 2. d3 g6 3. g3 e6 4. Bg2 Bg7 5. Nf3 Ne7 6. 0-0 d5 7. Nbd2 Nbc6 8. Re1 0-0 9. c3 b5 10. Qc2 Bb7 11. Nb3 c4 12. Nc5 cxd3 13. Qxd3 dxe4 14. Qxe4 Qb6 15. Nxb7 Qxb7 16. Bf4 Nd5 17. Bd6 Rfd8 18. Be5 Nxe5 19. Nxe5 Rac8 20. Rad1 Qb6 21. Qe2 Rc7 22. a3 Rdc8 23. Bxd5 exd5 24. Rxd5 Re7 25. Rxb5 Qc7 26. Qg4 Rce8 27. f4 f6 28. Qf3 fxe5 29. fxe5 a6 30. Qd5+ Kh8 31. Rc5 Qb6 32. Kg2 Qxb2+ 33. Kh3 Qf2 0-1

[Event "Ibiza Eivissa op 8th"]
[Site "Eivissa"]
[Date "2019.07.27"]
[Round "6"]
[White "Gercowski Tuchszer, Luis"]
[Black "Reina Fernandez, Fabian"]
[Result "1/2-1/2"]
[WhiteElo "1756"]
[BlackElo "1561"]
[PlyCount "64"]
[EventDate "2019.07.07"]
[EventType "swiss"]
[EventRounds "7"]
[EventCountry "ESP"]
[SourceTitle "EXT 2020"]
[Source "ChessBase"]
[SourceDate "2019.10.17"]
[SourceVersion "1"]
[SourceVersionDate "2019.10.17"]
[SourceQuality "1"]

1. e4 c5 2. d3 d6 3. g3 g6 4. Bg2 Nc6 5. Nf3 Bg7 6. Nc3 e6 7. Be3 Nd4 8. Qd2 Ne7 9. Nd1 0-0 10. 0-0 Nxf3+ 11. Bxf3 Bd7 12. Bh6 Bc6 13. Bxg7 Kxg7 14. Ne3 h5 15. Bg2 Qd7 16. Rad1 Rae8 17. d4 Qc7 18. d5 exd5 19. exd5 Bd7 20. Rfe1 b5 21. Re2 Kg8 22. Rde1 a5 23. c3 Qc8 24. a4 b4 25. Nc4 Qa6 26. Bf1 Nf5 27. Rxe8 Bxe8 28. Ne3 Qc8 29. Nxf5 Qxf5 30. cxb4 cxb4 31. b3 Qf6 32. Qe3 Qb2 1/2-1/2

[Event "Ibiza Eivissa op 8th"]
[Site "Eivissa"]
[Date "2019.07.20"]
[Round "4"]
[White "Gercowski Tuchszer, Luis"]
[Black "Monerri Alcantara, Sohan Xabier"]
[Result "1-0"]
[WhiteElo "1756"]
[BlackElo "1192"]
[PlyCount "77"]
[EventDate "2019.07.07"]
[EventType "swiss"]
[EventRounds "7"]
[EventCountry "ESP"]
[SourceTitle "EXT 2020"]
[Source "ChessBase"]
[SourceDate "2019.10.17"]
[SourceVersion "1"]
[SourceVersionDate "2019.10.17"]
[SourceQuality "1"]

1. e4 c5 2. Nc3 Nc6 3. g3 g6 4. Bg2 Bg7 5. d3 e6 6. Be3 b6 7. Qd2 Nge7 8. Bh6 0-0 9. Bxg7 Kxg7 10. h4 h5 11. Nf3 Nd4 12. Ne2 Nxf3+ 13. Bxf3 Bb7 14. 0-0 Nc6 15. Bg2 Qc7 16. f4 f5 17. Rad1 Rad8 18. a3 a5 19. Rfe1 d5 20. exd5 exd5 21. Nc3 d4 22. Nd5 Qb8 23. Nxb6 Qa7 24. Nc4 Ra8 25. Re6 Nd8 26. Re7+ Rf7 27. Rde1 Qb8 28. Qe2 Bxg2 29. Qxg2 Ra7 30. Rxf7+ Nxf7 31. Qd5 Rc7 32. Kf2 Qb7 33. Qxb7 Rxb7 34. Re6 Nd8 35. Ra6 a4 36. Rxa4 Ne6 37. Ra6 Kf6 38. a4 Kg7 39. Rxe6 1-0

[Event "Ibiza Eivissa op 7th"]
[Site "Eivissa"]
[Date "2018.07.22"]
[Round "5"]
[White "Gercowski Tuchszer, Luis"]
[Black "Arata, Roberto Mario"]
[Result "0-1"]
[WhiteElo "1753"]
[BlackElo "2138"]
[PlyCount "33"]
[EventDate "2018.07.08"]
[EventType "swiss"]
[EventRounds "7"]
[EventCountry "ESP"]
[SourceTitle "EXT 2019"]
[Source "ChessBase"]
[SourceDate "2018.10.10"]
[SourceVersion "1"]
[SourceVersionDate "2018.10.10"]
[SourceQuality "1"]

1. e4 c6 2. d4 d5 3. exd5 cxd5 4. c4 e6 5. c5 Nf6 6. Nc3 Be7 7. b4 0-0 8. Nf3 Ne4 9. Bb2 f5 10. Bd3 Bf6 11. 0-0 Nc6 12. a3 Bd7 13. Be2 Be8 14. Re1 Bh5 15. Ne5 Bxe2 16. Nxe2 Bh4 17. Rf1 0-1

[Event "Ibiza Eivissa op 7th"]
[Site "Eivissa"]
[Date "2018.07.15"]
[Round "3"]
[White "Gercowski Tuchszer, Luis"]
[Black "Reina Fernandez, Fabian"]
[Result "1-0"]
[WhiteElo "1753"]
[BlackElo "1524"]
[PlyCount "35"]
[EventDate "2018.07.08"]
[EventType "swiss"]
[EventRounds "7"]
[EventCountry "ESP"]
[SourceTitle "EXT 2019"]
[Source "ChessBase"]
[SourceDate "2018.10.10"]
[SourceVersion "1"]
[SourceVersionDate "2018.10.10"]
[SourceQuality "1"]

1. e4 g6 2. d4 Bg7 3. Nc3 d6 4. Bg5 Nf6 5. Qd2 0-0 6. Bh6 c5 7. Bxg7 Kxg7 8. Nge2 a6 9. 0-0-0 Nc6 10. Kb1 b5 11. f3 Rb8 12. d5 b4 13. dxc6 bxc3 14. Qxc3 Kg8 15. e5 Ne8 16. Qxc5 Rb5 17. Qc3 Rc5 18. Qxc5 1-0

[Event "Ibiza Eivissa op 6th"]
[Site "Eivissa"]
[Date "2017.07.23"]
[Round "6"]
[White "Gercowski Tuchszer, Luis"]
[Black "Cabrera Cabrera, Nelson"]
[Result "1/2-1/2"]
[WhiteElo "1751"]
[BlackElo "1468"]
[PlyCount "64"]
[EventDate "2017.07.08"]
[EventType "swiss"]
[EventRounds "7"]
[EventCountry "ESP"]
[SourceTitle "EXT 2019"]
[Source "ChessBase"]
[SourceDate "2018.10.10"]
[SourceVersion "1"]
[SourceVersionDate "2018.10.10"]
[SourceQuality "1"]

1. e4 c5 2. Nc3 g6 3. g3 Bg7 4. Bg2 Nc6 5. d3 d6 6. f4 f5 7. Nf3 Nh6 8. 0-0 b6 9. h3 Rb8 10. Be3 Nf7 11. Qd2 fxe4 12. dxe4 e5 13. f5 gxf5 14. exf5 Nd4 15. g4 Ba6 16. Rf2 Bb7 17. Ng5 Nxg5 18. Bxg5 Bf6 19. Bxf6 Qxf6 20. Nd5 Qf7 21. c4 h6 22. Raf1 Kd7 23. Kh1 Rbe8 24. g5 hxg5 25. Qxg5 Bxd5 26. Bxd5 Rxh3+ 27. Kg2 Qh7 28. Qg4 Rh2+ 29. Kg3 Rh8 30. f6+ Kd8 31. f7 Rh3+ 32. Kg2 Rh2+ 1/2-1/2

[Event "Ibiza-ch"]
[Site "Eivissa"]
[Date "2015.11.29"]
[Round "7"]
[White "Planells Cardona, Francisco"]
[Black "Gercowski Tuchszer, Luis"]
[Result "1/2-1/2"]
[WhiteElo "1625"]
[BlackElo "1820"]
[PlyCount "59"]
[EventDate "2015.11.07"]
[EventType "swiss"]
[EventRounds "7"]
[EventCountry "ESP"]
[SourceTitle "EXT 2019"]
[Source "ChessBase"]
[SourceDate "2018.10.10"]
[SourceVersion "1"]
[SourceVersionDate "2018.10.10"]
[SourceQuality "1"]

1. d4 Nf6 2. c4 g6 3. g3 Bg7 4. Bg2 c6 5. Nc3 d5 6. cxd5 cxd5 7. Nf3 0-0 8. 0-0 Nc6 9. Re1 e6 10. a3 b6 11. Bg5 h6 12. Bxf6 Bxf6 13. e3 Bb7 14. Rc1 Rc8 15. Re2 Bg7 16. Rec2 Qd7 17. Rd2 Rfd8 18. Bf1 Kh8 19. Bb5 a6 20. Bf1 b5 21. Bg2 Rc7 22. Rdc2 Rdc8 23. Ne2 Ne7 24. Nf4 Rxc2 25. Rxc2 Rxc2 26. Qxc2 Qc6 27. Qxc6 Nxc6 28. Nd3 Bc8 29. Kf1 Kg8 30. Ke1 1/2-1/2

[Event "Ibiza-ch"]
[Site "Eivissa"]
[Date "2015.11.15"]
[Round "4"]
[White "Gercowski Tuchszer, Luis"]
[Black "Riera Torres, Diana"]
[Result "0-1"]
[WhiteElo "1820"]
[BlackElo "1628"]
[PlyCount "88"]
[EventDate "2015.11.07"]
[EventType "swiss"]
[EventRounds "7"]
[EventCountry "ESP"]
[SourceTitle "EXT 2017"]
[Source "ChessBase"]
[SourceDate "2016.10.25"]
[SourceVersion "1"]
[SourceVersionDate "2016.10.25"]
[SourceQuality "1"]

1. e4 c6 2. d4 d5 3. exd5 cxd5 4. c4 Nf6 5. Nc3 e6 6. Nf3 Be7 7. Bf4 0-0 8. Bd3 Nc6 9. 0-0 dxc4 10. Bxc4 b6 11. d5 Na5 12. d6 Nxc4 13. dxe7 Qxe7 14. b3 Rd8 15. Qe2 Nd6 16. Rfd1 h6 17. h3 Bb7 18. Rd2 Rac8 19. Rc1 Nde4 20. Rxd8+ Qxd8 21. Rd1 Qe7 22. Nxe4 Nxe4 23. Be5 Nc3 24. Bxc3 Rxc3 25. Qd2 Bxf3 26. gxf3 Rxf3 27. Kg2 Rf5 28. Qd8+ Qxd8 29. Rxd8+ Kh7 30. Rd7 a5 31. a4 e5 32. Rd5 Rg5+ 33. Kf3 Rf5+ 34. Kg3 Kg6 35. Rb5 Rf6 36. Rxe5 Rd6 37. Rb5 Kf6 38. h4 Ke6 39. Kg4 Rd4+ 40. Kg3 Rb4 41. Rxb4 axb4 42. Kf4 Kd5 43. Ke3 g5 44. hxg5 hxg5 0-1